| 000 | 01536nam0a22003611 4500 | ||
|---|---|---|---|
| 001 | v19\rc\1975638 | ||
| 005 | 20251118181137.5 | ||
| 035 | _a(NLR Aleph) 005059560 | ||
| 090 |
_a6981544 _c6981544 |
||
| 100 | _a20080623d1914 u y0rusy50 ca | ||
| 101 | 1 |
_arus _cger |
|
| 102 | _aRU | ||
| 105 | _aa z ||||| | ||
| 200 | 1 |
_aТерапия кожных и венерических болезней для практических врачей _fDr. Reinhold Ledermann, специалист по кож. болезням в Берлине _gПер. - со спец. доб. авт. к рус. пер. с 4-го просмотр. и доп. изд. - А.П. Марковой _gПод ред. д-ра Н.Н. Маркова |
|
| 210 |
_aПетроград _cГл. воен.-сан. упр. _d1914 |
||
| 215 |
_aVI, 297 с. _cил. _d24 |
||
| 311 | _aБеспл. прил. к "Воен.-мед. журн." | ||
| 422 | 0 |
_12001#$aВоенно-медицинский журнал _tВоенно-медицинский журнал |
|
| 700 | 1 |
_aЛедерман _bР. _f1865- _gРейнгольд |
|
| 702 | 1 |
_aМарков _bН.Н. _gНиколай Николаевич _4340 |
|
| 702 | 1 |
_aМаркова _bА.П. _4730 |
|
| 801 | 0 |
_aRU _bNLR _gpsbo |
|
| 801 | 0 |
_aRU _bRuMoRGB _2psbo |
|
| 801 | 1 |
_aRU _bProSoft-M _2rusmarc |
|
| 852 |
_aNLR _j37.30.3.67 |
||
| 852 |
_aNLR _j34-5/367 |
||
| 852 |
_aNLR _j96/84 |
||
| 899 |
_aRuMoRGB _jV 68/87 |
||
| 899 |
_aRuMoRGB _jA 130/180 |
||
| 899 | _aБАН | ||
| 899 | _aНБ МГУ | ||
| 942 | _cBOOK | ||
| 980 | _aNB | ||